Utilización del microcomputador en la educación
Збережено в:
| Автор: | |
|---|---|
| Інші автори: | |
| Формат: | Книга |
| Мова: | Іспанська |
| Опубліковано: |
Valparaíso
Universidad Católica de Valparaíso
1998
|
| Предмети: | |
| Теги: |
Додати тег
Немає тегів, Будьте першим, хто поставить тег для цього запису!
|
MARC
| LEADER | 00000nam a2200000 a 4500 | ||
|---|---|---|---|
| 001 | UCK7864 | ||
| 003 | CL-VaPUC | ||
| 008 | 051230e19980000cl |||||||||||||||||spa|d | ||
| 082 | 0 | 4 | |a 371.334 |b CON |2 21 |
| 100 | 0 | |a Contreras Guzmán, David |e author |9 497537 | |
| 700 | |a Rodríguez Méndez, Jaime |e autor |9 497538 | ||
| 245 | 1 | 0 | |a Utilización del microcomputador en la educación |
| 300 | |a 237 p | ||
| 942 | |c BK | ||
| 945 | |d 20051230 00:00:00 |a cmena | ||
| 260 | |a Valparaíso |b Universidad Católica de Valparaíso |c 1998 | ||
| 650 | 7 | |a ENSEÑANZA CON AYUDA DE COMPUTADORES |2 CL-VaPUC |9 262450 | |
| 650 | 0 | |a Computadores |9 258188 | |
| 650 | 0 | |a Métodos de enseñanza |9 270413 | |
| 650 | 0 | |a Planificación de la educación |9 307333 | |
| 650 | 0 | |a Innovaciones pedagógicas |9 307471 | |
| 650 | 7 | |a MICROSOFT OFFICE |2 CL-VaPUC |9 401715 | |
| 583 | |a last modification |c 20171220 01:46:35 |k Rodrigo Vera | ||
| 999 | |c 315702 |d 315700 | ||
| 952 | |0 0 |1 0 |4 0 |6 371_334000000000000_CON_1998 |7 0 |8 P |9 389312 |a BIBEDU |b BIBEDU |c BIBEDU_PB |d 2019-11-22 |i 4195450 |o 371.334 CON 1998 |p 4195450 |r 2024-01-25 |w 2019-11-22 |y BK |k EBA | ||